000 00324pab a2200145 454500
008 180718b1997 xxu||||| |||| 00| 0 eng d
100 _aBasu, Chitta
245 _aPioneer of Indian planning
260 _c1997
300 _ap.7-8,17
362 _aOct
650 _aEconomic planning
773 _aYojana
909 _a35565
999 _c35565
_d35565